00469 2200193 4500001002100000005001500021008004100036020002200077035001900099041000700118082001000125090001600135100003200151245003000183260002600213300002000239500000600259650001000265INLIS00000000000513820241224113038241224||||||||| | ||| |||| || |  a978-602-9329-28-5 0010-1224005138 aen0 a741.3 a741.3 ASM t0 aAsma Aulia Syahidah[et. Al]00aNext G: Tikus yang Cerdik bMuffin Graphicsc2013 a120 hlm.; 21 cm a1 0aKomik